000 00504nam a2200145Ia 4500
008 210716s1997 xx 000 0 und d
041 _aeng
082 _a004.69 OFFI
100 _aDoyle,Casey D; Stickney,Sally; Ross,Jean.
245 _aOfficial microsoft intranet solutions: using microsoft office 97 and frontpage 97.
_bUsing microsoft office 97 and frontpage 97.
250 _a1
260 _aWashington
_bMicro Modeling Associates Inc
_c1997
300 _aXV,682,8
650 _aInternet / Mutimedia
999 _c186845
_d186845